[Event "White Nights"]
[Site "St Petersburg RUS"]
[Date "2005.06.26"]
[Round "9"]
[White "Domnin,V"]
[Black "Korchagina,V"]
[Result "0-1"]
[WhiteElo "2252"]
[BlackElo "1974"]

1.d4 Nf6 2.c4 g6 3.Nc3 d5 4.cxd5 Nxd5 5.e4 Nxc3 6.bxc3 Bg7 7.f4 c5 8.e5 O-O
9.Nf3 Bg4 10.Be2 cxd4 11.cxd4 Nc6 12.Bb2 Qb6 13.Qb3 Rfd8 14.Rd1 Rac8 15.Ng5 Bxe2
16.Kxe2 e6 17.Qxb6 axb6 18.Nf3 Nb4 19.a3 Nd5 20.g3 Rc2+ 21.Rd2 Rdc8 22.Kd3 R2c4
23.Ne1 b5 24.Rc2 Bf8 25.Rf1 Rxc2 26.Nxc2 Rxc2 27.Kxc2 Ne3+ 28.Kd3 Nxf1 29.d5 exd5
30.Kd4 Nxh2 31.Kxd5 Nf1 32.e6 fxe6+ 33.Kxe6 Nxg3 34.Bc1 Ne2 35.Be3 Bxa3 36.f5 gxf5
37.Kxf5 b4 38.Bc5 b6 39.Bd6 Nd4+ 40.Ke4 Nb5 41.Be5 b3 42.Kd3 b2 43.Kc2 h5
44.Kb1 h4 45.Ka2 h3 46.Kb1 h2 47.Bxh2 Nc3+  0-1

[Event "6th EICC"]
[Site "Warsaw POL"]
[Date "2005.06.26"]
[Round "8"]
[White "Najer,E"]
[Black "Krasenkow,M"]
[Result "1/2-1/2"]
[WhiteElo "2615"]
[BlackElo "2672"]

1.d4 Nf6 2.c4 g6 3.Nc3 d5 4.cxd5 Nxd5 5.e4 Nxc3 6.bxc3 Bg7 7.Qa4+ Qd7 8.Qb3 O-O
9.Be3 b6 10.Nf3 Bb7 11.Bd3 c5 12.Rd1 Nc6 13.O-O Na5 14.Qb1 cxd4 15.cxd4 Rfc8
16.d5 Nc4 17.Bd4 Bxd4 18.Nxd4 e5 19.Nf3 Qe7 20.Rc1 Nd6 21.g3 f6 22.Nd2 Rxc1
23.Rxc1 Rc8 24.Rxc8+ Bxc8 25.Qb4 Qc7 26.Nc4 Nxc4 27.Bxc4 Qc5 28.Qxc5  1/2-1/2

[Event "International"]
[Site "Guelph CAN"]
[Date "2005.07.01"]
[Round "9"]
[White "Shipov,S"]
[Black "Ganguly,S"]
[Result "1/2-1/2"]
[WhiteElo "2582"]
[BlackElo "2596"]

1.d4 Nf6 2.c4 g6 3.Nc3 d5 4.cxd5 Nxd5 5.e4 Nxc3 6.bxc3 Bg7 7.Nf3 c5 8.Be3 Qa5
9.Bd2 Bg4 10.Be2 O-O 11.O-O Rd8 12.a4 e6 13.h3 Bxf3 14.Bxf3 Nc6 15.Rb1 Qc7
16.d5 Ne5 17.Bf4 Nxf3+ 18.Qxf3 Qd7 19.Bg5 Re8 20.a5 exd5 21.exd5 Re5 22.Bf4 Rf5
23.g4 Rf6 24.Qe4 Re8 25.Qc4 b5 26.axb6 axb6 27.Bg3 Rf3 28.Qb5 Qd8 29.Bc7 Qc8
30.d6 Rf8 31.Qc6 Rf6 32.Rxb6 Qe6 33.Qg2 h5 34.Rd1 hxg4 35.Qxg4 Qe5 36.Rb2 Rf4
37.Qg3 Bf6 38.Rbd2 Bh4 39.Qg2 Kg7 40.Kf1 Kg8 41.Kg1 Qxc3 42.d7 Rd4 43.Rxd4 cxd4
44.Be5 Rd8 45.Qg4 Bxf2+ 46.Kxf2 Qe3+ 47.Kg2 Qxe5 48.Rxd4 Kg7 49.Qd1 Qg5+
50.Kh2 Qf6 51.Qd2 Qe5+  1/2-1/2

[Event "ch-SWE"]
[Site "Goeteborg SWE"]
[Date "2005.07.03"]
[Round "2"]
[White "Agrest,E"]
[Black "Hermansson,E"]
[Result "0-1"]
[WhiteElo "2592"]
[BlackElo "2430"]

1.d4 Nf6 2.c4 g6 3.Nc3 d5 4.cxd5 Nxd5 5.e4 Nxc3 6.bxc3 Bg7 7.Nf3 c5 8.Be3 Qa5
9.Bd2 O-O 10.Be2 Bg4 11.O-O Rd8 12.Qc2 e6 13.Rab1 Qc7 14.Qb3 cxd4 15.cxd4 Nc6
16.Bg5 Rxd4 17.Qxb7 Qxb7 18.Rxb7 Rxe4 19.Bb5 Na5 20.Ba6 Bxf3 21.gxf3 Nxb7
22.fxe4 Nc5 23.Be2 Rb8 24.Be3 Nxe4 25.Bf3 Nc3 26.Bxa7 Rb5 27.Be3 Ra5 28.Rc1 Rxa2
29.Kg2 Bf6 30.Bc5 Ne2 31.Rc4 Kg7 32.Rb4 Bc3 33.Re4 Nc1 34.Rc4 Bb2 35.Be4 Nb3
36.Be3 Bf6 37.Rb4 Nd2 38.Bd3 Bc3 39.Rb8 Ra3 40.Bc5 Ra5 41.Bf8+ Kf6 42.Rc8 Rg5+
43.Kh3 Be5 44.Re8 Rh5+ 45.Kg4 Rg5+ 46.Kh3 Rh5+ 47.Kg4 Bxh2 48.f4 h6 49.Bb4 Bxf4
50.Kxf4 Rh4+ 51.Ke3 Rxb4 52.Kxd2 h5 53.Ke3 h4 54.Rg8 Kg5 55.Be4 Rb3+ 56.Kf2 Kf4
57.Bxg6 fxg6 58.Rxg6 e5 59.Rf6+ Ke4 60.Rh6 h3 61.Rh4+ Kd5 62.Rh8 Rb2+ 63.Kg1 Rb1+
64.Kh2 Rb3 65.Rd8+ Ke4 66.Ra8 Rf3 67.Ra4+ Ke3 68.Ra3+ Kf4 69.Ra8 e4 70.Rf8+ Ke5
71.Re8+ Kd4 72.Rd8+ Kc3 73.Rc8+ Kd2 74.Ra8 e3 75.Ra2+ Ke1  0-1

[Event "Open"]
[Site "Barbera del Valles ESP"]
[Date "2005.07.04"]
[Round "1"]
[White "Panelo,M"]
[Black "Paaske,A"]
[Result "1-0"]
[WhiteElo "2404"]
[BlackElo "2171"]

1.d4 Nf6 2.c4 g6 3.Nc3 d5 4.cxd5 Nxd5 5.e4 Nxc3 6.bxc3 Bg7 7.Bc4 c5 8.Ne2 O-O
9.Be3 Qc7 10.Rc1 Rd8 11.h4 Nc6 12.h5 e5 13.hxg6 hxg6 14.Bg5 exd4 15.Bxd8 Qxd8
16.cxd4 cxd4 17.Bd5 Qe7 18.Qb3 Ne5 19.Nxd4 Qg5 20.Rc7 Qf4 21.Nb5 Bd7 22.Nd6 Rf8
23.Nxf7 Nxf7 24.Bxf7+ Rxf7 25.Rxd7 Bc3+ 26.Kd1 Qg4+ 27.Kc1 Qxd7 28.Qxc3 Rh7
29.Rxh7 Kxh7 30.Qh3+ Qxh3 31.gxh3 g5 32.Kd2 Kg6 33.Ke3 Kf6 34.f4 gxf4+ 35.Kxf4 b5
36.h4 a5 37.h5 b4 38.e5+ Kf7 39.h6 a4 40.e6+ Kxe6 41.h7  1-0

[Event "34th TCh-GRE"]
[Site "Ermioni Argolidas GRE"]
[Date "2005.07.05"]
[Round "2"]
[White "Gustafsson,J"]
[Black "Avrukh,B"]
[Result "1/2-1/2"]
[WhiteElo "2614"]
[BlackElo "2652"]

1.d4 Nf6 2.c4 g6 3.Nc3 d5 4.cxd5 Nxd5 5.e4 Nxc3 6.bxc3 Bg7 7.Bc4 O-O 8.Ne2 Qd7
9.O-O b6 10.Be3 Ba6 11.Bxa6 Nxa6 12.a4 Rfd8 13.Qb3 c5 14.Rfd1 cxd4 15.cxd4 Rac8
16.Rac1 e6 17.f3  1/2-1/2

[Event "20th North Sea Cup"]
[Site "Esbjerg DEN"]
[Date "2005.07.06"]
[Round "6"]
[White "Rasmussen,Kas"]
[Black "Pedersen,JaR"]
[Result "0-1"]
[WhiteElo "1999"]
[BlackElo "2239"]

1.d4 Nf6 2.c4 g6 3.Nc3 d5 4.cxd5 Nxd5 5.e4 Nxc3 6.bxc3 Bg7 7.Bc4 O-O 8.Ne2 Nc6
9.O-O e5 10.Be3 Qe7 11.d5 Na5 12.Bd3 f5 13.f3 b6 14.Nc1 Bd7 15.Qe2 c5 16.Rd1 Nb7
17.c4 Nd6 18.a4 fxe4 19.fxe4 h5 20.Rf1 Bg4 21.Rxf8+ Rxf8 22.Qd2 Bf5 23.Bg5 Qf7
24.exf5 e4 25.fxg6 Qxg6 26.Be7 Bd4+ 27.Kh1 Rf2 28.Qg5 Qxg5 29.Bxg5 Bxa1 30.Be2 Nf5
31.h3 Ng3+ 32.Kh2 Nxe2 33.Nxe2 Rxe2 34.d6 Be5+  0-1

[Event "VISUS Open"]
[Site "Prague CZE"]
[Date "2005.07.06"]
[Round "5"]
[White "Hadzala,D"]
[Black "Kozak,Pe"]
[Result "0-1"]
[WhiteElo "2133"]
[BlackElo "2200"]

1.d4 Nf6 2.c4 g6 3.Nc3 d5 4.cxd5 Nxd5 5.e4 Nxc3 6.bxc3 Bg7 7.Qb3 O-O 8.Be3 b6
9.Bc4 Nc6 10.Be2 Na5 11.Qc2 e6 12.Rd1 Bb7 13.Nh3 f5 14.f3 Qe8 15.O-O Qc6
16.Nf4 Bh6 17.Bc1 Rae8 18.e5 Bg7 19.Nd3 Rf7 20.h4 Qd7 21.Nf2 h6 22.Nh3 Qd8
23.g3 Bf8 24.Kh2 Kh7 25.Be3 a6 26.g4 Qxh4 27.g5 f4 28.Bf2 Qh5 29.Rg1 Be7
30.gxh6 Rg8 31.Rg4 Kxh6 32.c4 g5 33.d5 Rh7 34.Bd3 Rhh8 35.Bf1 Kg7 36.Qe4 Qg6
37.Qxg6+ Kxg6 38.Kg2 Kf7 39.d6 cxd6 40.Bxb6 Nc6 41.exd6 Bf6 42.Re1 Rh5 43.d7 Rgh8
44.Nf2 Nd4 45.Be2 Nxe2 46.Rxe2 Rh2+ 47.Kf1 Bxf3 48.Rd2 Bxg4 49.d8=Q Bxd8
50.Rd7+ Kg6 51.Bxd8 Bf5 52.Bc7 R2h7  0-1

[Event "2nd RUS Pupils Summer Girls"]
[Site "Satka RUS"]
[Date "2005.07.06"]
[Round "9"]
[White "Drozdova,D"]
[Black "Kuzevanova,E"]
[Result "1/2-1/2"]
[WhiteElo "2189"]
[BlackElo "2124"]

1.d4 Nf6 2.c4 g6 3.Nc3 d5 4.cxd5 Nxd5 5.e4 Nxc3 6.bxc3 Bg7 7.Be3 O-O 8.Rc1 c5
9.d5 Qc7 10.c4 f5 11.f3 fxe4 12.fxe4 Nd7 13.Be2 Ne5 14.h3 Bd7 15.Nf3 Nxf3+
16.Bxf3 b6 17.Qe2 Qg3+ 18.Qf2 Qd6 19.O-O Be5 20.Qe2 h5 21.Kh1 Rf7 22.g4 h4
23.Bg5 Raf8 24.Bg2 Rxf1+ 25.Rxf1 Rxf1+ 26.Bxf1 Bf6 27.e5 Bxe5 28.Bxh4 Bf6
29.Bf2 Qf4 30.Qe3 Qxe3 31.Bxe3 Be5 32.Bd3 Kg7 33.Kg2 Kf6 34.Kf3 g5 35.Ke4 Bc3
36.Bf2 Be8 37.Kf3 Bd2 38.Bf5 Ba4 39.Ke2 Bf4 40.Be1 Be8 41.h4 gxh4 42.Bxh4+ Bg5
43.Bg3 Bf7 44.Kf3 e6 45.dxe6 Bxe6 46.Bxe6 Kxe6 47.a4 Kd7 48.Ke4 Kc6 49.Kf5 Be7
50.g5 Bxg5 51.Kxg5 a6 52.Kf5 b5 53.a5 bxc4 54.Be1 Kb7 55.Ke5  1/2-1/2

[Event "34th TCh-GRE"]
[Site "Ermioni Argolidas GRE"]
[Date "2005.07.07"]
[Round "4"]
[White "Ilandzis,S"]
[Black "Bunis,V"]
[Result "0-1"]
[WhiteElo "2225"]
[BlackElo "2270"]

1.d4 Nf6 2.c4 g6 3.Nc3 d5 4.cxd5 Nxd5 5.e4 Nxc3 6.bxc3 Bg7 7.Bc4 c5 8.Ne2 O-O
9.Be3 Nc6 10.Rc1 cxd4 11.cxd4 Qa5+ 12.Kf1 Rd8 13.Qb3 Rf8 14.h4 Qd8 15.Qd1 Na5
16.Bd3 e5 17.dxe5 Bxe5 18.Bg5 Qd6 19.f4 Bg7 20.e5 Qb4 21.Nc3 Be6 22.Ne4 h6
23.Bf6 h5 24.Qe2 Qd4 25.Be7 Bg4 26.Qd2 Rfc8 27.Bc5 Qd5 28.Ba3 Rxc1+ 29.Bxc1 Rd8
30.Nf2 Bf5 31.Bxf5 Qxd2 32.Bxd2 Rxd2 33.Bb1 Rb2 34.Be4 Nc4 35.Rh3 Bh6 36.Rc3 Nd2+
37.Kg1 Nxe4 38.Nxe4 Bxf4 39.Rc8+ Kg7 40.Re8 Re2 41.g3 Rxe4 42.gxf4 Rxf4 43.Re7 b5
44.Rxa7 Re4 45.Ra5 b4 46.Ra4 Rxh4 47.a3 Rg4+  0-1

[Event "Open A"]
[Site "Klatovy CZE"]
[Date "2005.07.07"]
[Round "6"]
[White "Slajs,V"]
[Black "Krutina,M"]
[Result "1/2-1/2"]
[WhiteElo "2062"]
[BlackElo "1985"]

1.d4 Nf6 2.c4 g6 3.Nc3 d5 4.cxd5 Nxd5 5.e4 Nxc3 6.bxc3 Bg7 7.Nf3 c5 8.Rb1 O-O
9.Be2 Nc6 10.d5 Ne5 11.Nxe5 Bxe5 12.Qd2 Qc7 13.f4 Bg7 14.O-O Rd8 15.c4 a6
16.Bb2 f6 17.Bc3 b6 18.Rb2 e6 19.Rd1 exd5 20.exd5 Rd6 21.Qe3 Bd7 22.Re1 Re8
23.Qf2 Bf5 24.Bf1 Rdd8 25.Rbe2 Rxe2 26.Rxe2 Kf7 27.Qe3 Qd6 28.g3 Bd7 29.Qf3 b5
30.Re1 Re8 31.Rxe8 Kxe8 32.Bd3 Kf7 33.Qe2 Qe7 34.Kf2 Qxe2+ 35.Kxe2 Bf8 36.Ke3 Bd6
37.Kf3  1/2-1/2

[Event "Open A"]
[Site "Klatovy CZE"]
[Date "2005.07.09"]
[Round "8"]
[White "Hacaperkova,L"]
[Black "Smejc,J"]
[Result "1/2-1/2"]
[WhiteElo "1967"]
[BlackElo "1855"]

1.d4 Nf6 2.c4 g6 3.Nc3 d5 4.cxd5 Nxd5 5.e4 Nxc3 6.bxc3 Bg7 7.Nf3 c5 8.Be3 Qa5
9.Qd2 Nc6 10.Rc1 cxd4 11.cxd4 Qxd2+ 12.Kxd2 O-O 13.d5 Rd8 14.Ke1 Nb4 15.a3 Na2
16.Rc4 b5 17.Rc7 Rd7 18.Rc5 Nc3  1/2-1/2

[Event "VISUS Open"]
[Site "Prague CZE"]
[Date "2005.07.09"]
[Round "8"]
[White "Ruzyak,P"]
[Black "Urbanek,S"]
[Result "1/2-1/2"]
[WhiteElo "1913"]
[BlackElo "2110"]

1.d4 Nf6 2.c4 g6 3.Nc3 d5 4.cxd5 Nxd5 5.e4 Nxc3 6.bxc3 Bg7 7.Bc4 c5 8.Ne2 O-O
9.O-O Nc6 10.Be3 Qc7 11.Rc1 Rd8 12.Qd2 a6 13.Bh6 b5 14.Bb3 e6 15.Bxg7 Kxg7
16.Rfd1 Bb7 17.Qg5 c4 18.Bc2 Qe7 19.Qe3 e5 20.f4 f6 21.fxe5 fxe5 22.Rf1 Rf8
23.d5 Na5 24.Qb6 Qa3 25.Qc7+ Kg8 26.Qxe5 Rfe8 27.Qc7 Bxd5 28.exd5 Rxe2 29.Qf7+  1/2-1/2

[Event "Open"]
[Site "Condom FRA"]
[Date "2005.07.10"]
[Round "3"]
[White "Vinsot,R"]
[Black "Lemeaux,D"]
[Result "1/2-1/2"]
[WhiteElo "2077"]
[BlackElo "2213"]

1.d4 Nf6 2.c4 g6 3.Nc3 d5 4.cxd5 Nxd5 5.e4 Nxc3 6.bxc3 Bg7 7.Be3 O-O 8.Qd2 c5
9.Nf3 cxd4 10.cxd4 Nc6 11.Be2 Bg4 12.Rd1 Qd6 13.O-O Rfd8 14.d5 Bxf3 15.gxf3 Qa3
16.Rc1 e6 17.Bc5 Qa4 18.Bd1 Qa6 19.Be2 Qa4 20.Bd1 Qa6 21.Be2  1/2-1/2

[Event "Viking GM"]
[Site "St Petersburg RUS"]
[Date "2005.07.14"]
[Round "8"]
[White "Yevseev,D"]
[Black "Klimov,S"]
[Result "1/2-1/2"]
[WhiteElo "2537"]
[BlackElo "2475"]

1.d4 Nf6 2.c4 g6 3.Nc3 d5 4.cxd5 Nxd5 5.e4 Nxc3 6.bxc3 Bg7 7.Bc4 c5 8.Ne2 O-O
9.O-O Nc6 10.Be3 Bd7 11.Rb1 Qc7 12.Bd3 a6 13.Qd2 b5 14.Bh6 e5 15.Bxg7 Kxg7
16.d5 c4 17.Bc2 Na5 18.f4 f6 19.fxe5 fxe5 20.Qg5 Qd6 21.h4 h6 22.Qg3 Nb7
23.Kh2 Rae8 24.Rf3 h5 25.a4 Qe7 26.axb5 axb5 27.Ra1 Ra8 28.Rxf8 Rxa1 29.Rb8 Nd6
30.Qf2 Bg4 31.Nd4 exd4 32.Qxd4+ Kf7 33.Qf2+ Kg7 34.Qd4+ Kf7 35.Qf2+  1/2-1/2

[Event "ch-IRL"]
[Site "Dublin IRL"]
[Date "2005.07.16"]
[Round "8"]
[White "MacElligott,G"]
[Black "Murray,D"]
[Result "1/2-1/2"]
[WhiteElo "2133"]
[BlackElo "1985"]

1.d4 Nf6 2.c4 g6 3.Nc3 d5 4.cxd5 Nxd5 5.e4 Nxc3 6.bxc3 Bg7 7.Nf3 c5 8.Rb1 cxd4
9.cxd4 Qa5+ 10.Qd2 Qxd2+ 11.Bxd2 O-O 12.Bb5 a6 13.Ba4 b5 14.Bb3 Bb7 15.d5 Nd7
16.Bb4 a5 17.Bxe7 Rfe8 18.d6 Bxe4 19.Bxf7+ Kxf7 20.Ng5+ Kg8 21.Nxe4 Bf8 22.Rxb5 Bxe7
23.dxe7 Rxe7 24.f3 Nf6 25.O-O Nxe4 26.fxe4 Rxe4 27.h3 a4 28.Rb7 Rf8 29.Rxf8+ Kxf8
30.Rxh7 Re2 31.Ra7 Rxa2 32.Kh2 Ra3 33.h4 Kg8 34.g3 Ra1 35.Kh3 a3 36.Kg4 a2
37.Ra8+ Kg7 38.Kg5 Rg1 39.Ra7+ Kh8 40.Rxa2 Rxg3+ 41.Kh6 Kg8 42.Ra8+ Kf7 43.Ra7+ Kf8
44.Ra4 Kf7 45.Rf4+ Kg8  1/2-1/2

[Event "ACT Open"]
[Site "Amsterdam NED"]
[Date "2005.07.17"]
[Round "2"]
[White "Pliester,L"]
[Black "Drost,P"]
[Result "1-0"]
[WhiteElo "2378"]
[BlackElo "2203"]

1.d4 Nf6 2.c4 g6 3.Nc3 d5 4.cxd5 Nxd5 5.e4 Nxc3 6.bxc3 Bg7 7.Bc4 O-O 8.Ne2 c5
9.O-O Nc6 10.Be3 Bg4 11.f3 Na5 12.Bxf7+ Rxf7 13.fxg4 Rxf1+ 14.Kxf1 Qd6 15.Kg1 Rd8
16.Qa4 b6 17.h3 cxd4 18.cxd4 Qc6 19.Qxc6 Nxc6 20.e5 Nb4 21.Rc1 Nd5 22.Bg5 Kf7
23.Kf2 Ke6 24.Kf3 Kf7 25.Ke4 Rd7 26.Nf4 Nxf4 27.Bxf4 e6 28.Bd2 Ke8 29.Rc6 Kf7
30.Bb4 Bh6 31.Bd6 Bg5 32.d5 Bd8 33.dxe6+  1-0

[Event "Politiken Cup"]
[Site "Copenhagen DEN"]
[Date "2005.07.17"]
[Round "2"]
[White "Vikulov,A"]
[Black "Lovik,L"]
[Result "1-0"]
[WhiteElo "2333"]
[BlackElo "1943"]

1.d4 Nf6 2.c4 g6 3.Nc3 d5 4.cxd5 Nxd5 5.e4 Nxc3 6.bxc3 Bg7 7.Be3 O-O 8.Qd2 c5
9.Nf3 Nc6 10.d5 Qa5 11.Rc1 Rd8 12.Be2 Bg4 13.O-O e6 14.Bg5 f6 15.Be3 Ne7
16.c4 Qxd2 17.Bxd2 f5 18.Bg5 Kf8 19.h3 Bxf3 20.Bxf3 Rd6 21.Rfe1 e5 22.Rb1 b6
23.g3 h6 24.Bxe7+ Kxe7 25.Bg2 Kd7 26.Rb3 Rf8 27.Ra3 a5 28.h4 Kc7 29.Bh3 Rd7
30.h5 g5 31.Bxf5 Rd6 32.Be6 Rdd8 33.Rb3 Bf6 34.Reb1 Rb8 35.d6+ Kxd6 36.Rxb6+ Kc7
37.R6b5 Be7 38.Rd1 Rfd8 39.Rxd8 Bxd8 40.Rxa5 Kd6 41.Ra6+ Rb6 42.Ra8 Bc7 43.Bd5 Rb8
44.Ra3 Bd8 45.Kg2 g4 46.Ra7 Bg5 47.Ra6+ Kc7 48.a4 Rb2 49.a5 Ra2 50.Rc6+ Kd7
51.a6 Bd2 52.Rf6 Bg5 53.Rf7+ Ke8 54.a7 Be7 55.a8=Q+ Rxa8 56.Rxe7+ Kxe7 57.Bxa8 Kf6
58.Bc6 Kg5 59.Ba4  1-0

[Event "Politiken Cup"]
[Site "Copenhagen DEN"]
[Date "2005.07.17"]
[Round "3"]
[White "Johansen,J"]
[Black "Ochtman,H"]
[Result "1/2-1/2"]
[WhiteElo "1982"]
[BlackElo "2166"]

1.d4 Nf6 2.c4 g6 3.Nc3 d5 4.cxd5 Nxd5 5.e4 Nxc3 6.bxc3 Bg7 7.Bc4 O-O 8.Ne2 Nc6
9.O-O Na5 10.Bd3 c5 11.Be3 cxd4 12.cxd4 b6 13.Rc1 Bb7 14.Qd2 Re8 15.d5 Qd7
16.Nd4 Rec8 17.Bb5 Qd6 18.Bf4 e5 19.Bg3 Rc5 20.Be2 a6 21.Nb3 Nxb3 22.axb3 f5
23.f3 Rac8 24.Bf2 Rxc1 25.Rxc1 Rxc1+ 26.Qxc1 f4 27.Qc4 Bf6 28.Kf1 Bd8 29.Bd3 Kf7
30.Ke2 Kf6 31.Be1 b5 32.Qb4 Qxb4 33.Bxb4 Bb6 34.h3 Bc8 35.Be1 Bd7 36.b4 g5
37.Bc2 Ke7 38.Kd3 Kd6 39.Bc3 Bc7 40.Bd1 Bc8 41.Be2 Bd7 42.Bd1 a5 43.bxa5 Kc5
44.a6 Bc8 45.a7 Bb7 46.Bb3 Kb6 47.Bb4 Kxa7 48.d6 Bd8 49.Bc3 Kb6 50.Bxe5 Kc5
51.Bf7 Ba6 52.Kc2 b4 53.Kb3 Bf1 54.Be6 Bxg2 55.Bg4 Bf1 56.d7 h5 57.Bxh5 Bxh3
58.Be8 Be6+ 59.Kb2 Kc4 60.Bd6 g4 61.fxg4 f3 62.Bg3 Bxg4 63.e5 Kc5 64.Bf2+ Kd5
65.Kb3 Be7 66.Bb6 Kxe5 67.d8=Q Be6+ 68.Kc2 Bxd8 69.Bxd8 f2 70.Bb5 Ke4 71.Bb6 Kf3
72.Bc5 b3+  1/2-1/2

[Event "ACT Open"]
[Site "Amsterdam NED"]
[Date "2005.07.18"]
[Round "3"]
[White "Baquero,L"]
[Black "Holzke,F"]
[Result "0-1"]
[WhiteElo "2301"]
[BlackElo "2478"]

1.d4 Nf6 2.c4 g6 3.Nc3 d5 4.cxd5 Nxd5 5.e4 Nxc3 6.bxc3 Bg7 7.Nf3 c5 8.Rb1 O-O
9.Be2 b6 10.O-O Bb7 11.Qd3 Qc7 12.d5 Nd7 13.c4 e6 14.Rb3 Rfe8 15.h3 exd5
16.exd5 Nf6 17.Qc2 b5 18.Rd1 Rad8 19.Rxb5 Ba6 20.Rb3 Nxd5 21.Rbd3 Rxe2 22.Rxd5 Rxd5
23.Qxe2 Rxd1+ 24.Qxd1 Bxc4 25.Qa4 Be6 26.Qe8+ Bf8 27.Bh6 Qc8 28.Qxc8 Bxc8
29.Bxf8 Kxf8 30.Nd2 Ke7 31.f4 Kd6 32.Kf2 Kc6 33.Ne4 h5 34.Nc3 h4 35.a3 Be6
36.g3 hxg3+ 37.Kxg3 c4 38.h4 Kc5 39.Ne2 a5 40.Kf2 Bg4 41.f5 Bxe2 42.Kxe2 Kd4  0-1

[Event "ACT Open"]
[Site "Amsterdam NED"]
[Date "2005.07.19"]
[Round "4"]
[White "L'Ami,E"]
[Black "Bezemer,A"]
[Result "1-0"]
[WhiteElo "2519"]
[BlackElo "2364"]

1.d4 Nf6 2.c4 g6 3.Nc3 d5 4.cxd5 Nxd5 5.e4 Nxc3 6.bxc3 Bg7 7.Nf3 c5 8.Rb1 O-O
9.Be2 cxd4 10.cxd4 Qa5+ 11.Bd2 Qxa2 12.O-O Bg4 13.Rxb7 Nc6 14.d5 Bxf3 15.Bxf3 Nd4
16.Bg5 Nxf3+ 17.Qxf3 f6 18.Be3 Rfe8 19.Bc5 Bf8 20.Qh3 Qa6 21.Qb3 Kh8 22.d6 exd6
23.Qf7 Be7 24.Bd4 Qxb7 25.Bxf6+ Bxf6 26.Qxb7 a5 27.Rc1 Reb8 28.Qd7 Be5 29.g3 Rd8
30.Qa4 d5 31.Rc5 Bd6 32.Rxa5  1-0

[Event "ACT Open"]
[Site "Amsterdam NED"]
[Date "2005.07.20"]
[Round "5"]
[White "Halay,T"]
[Black "Holzke,F"]
[Result "0-1"]
[WhiteElo "2320"]
[BlackElo "2478"]

1.d4 Nf6 2.c4 g6 3.Nc3 d5 4.cxd5 Nxd5 5.e4 Nxc3 6.bxc3 Bg7 7.Nf3 c5 8.h3 O-O
9.Be2 b6 10.O-O Bb7 11.e5 Nc6 12.Bf4 cxd4 13.cxd4 Nb4 14.Qd2 Nd5 15.Bh6 Nc3
16.Bxg7 Nxe2+ 17.Qxe2 Kxg7 18.Rad1 Qd5 19.Rfe1 Rac8 20.Nh4 Rc3 21.Qg4 Qe6
22.Qg5 Bd5 23.Re3 Rfc8 24.a3 Rxe3 25.fxe3 f6 26.Qg3 fxe5 27.dxe5 Rf8 28.Rd4 Qc6
29.Kh2 Qc5 30.Rg4 Rf1 31.Rf4 Rxf4 32.exf4 e6 33.f5 exf5 34.Nxf5+ Kf7 35.Ne3 Be6
36.Qf4+ Ke8 37.Qe4 b5 38.Ng4 Bxg4 39.hxg4 Ke7 40.Qf4 Ke6 41.Qf6+ Kd5 42.Qf7+ Kxe5
43.Qxh7 g5 44.Qd3 Ke6 45.Kh3 Ke7 46.g3 Ke6 47.Kh2 Ke5 48.Qf5+ Kd4 49.Qf2+ Kc4
50.Qc2+ Kd5 51.Qf5+ Kc6 52.Qc8+ Kb6 53.Qd8+ Ka6 54.Kh3 Qe5 55.Kh2 Qe2+ 56.Kh3 Qe4
57.Qd6+ Ka5 58.Qc7+ Ka4 59.Qxa7+ Kb3 60.Kh2 Qxg4 61.Qe7 Ka2 62.Kg2 Qf5 63.Qe3 g4
64.Qc3 Qd5+ 65.Kf2 Qb3 66.Qe5 Qb2+  0-1

[Event "WYb16"]
[Site "Belfort FRA"]
[Date "2005.07.20"]
[Round "2"]
[White "L'Huillier,T"]
[Black "Sai,Sr"]
[Result "1-0"]
[WhiteElo "2168"]
[BlackElo "2360"]

1.d4 Nf6 2.c4 g6 3.Nc3 d5 4.cxd5 Nxd5 5.e4 Nxc3 6.bxc3 Bg7 7.Nf3 c5 8.Be3 Qa5
9.Qd2 Nc6 10.Rc1 cxd4 11.cxd4 Qxd2+ 12.Kxd2 O-O 13.Ke1 Rd8 14.d5 Na5 15.Bf4 Bd7
16.Bd3 Rdc8 17.Ke2 Bb2 18.Rc7 Rxc7 19.Bxc7 b6 20.Ba6 Bc8 21.Bb5 Bb7 22.Bd7 Ba6+
23.Kd2 Nc4+ 24.Kc2 Bg7 25.e5 Na3+ 26.Kb3 Nc4 27.Rc1 Na5+ 28.Kb4 Bb7 29.Rd1 Ba6
30.Rc1 Bh6 31.Rc3 Bf1 32.g3 Ba6 33.g4 Bb7 34.g5 Bf8 35.Rd3 Ba6 36.Bb5 Bb7
37.Bd7 Ba6 38.Bb5 Bb7 39.Bd7 e6+ 40.d6 Be4 41.Re3 Bd5 42.Nd4 Nc4 43.Re2 Na5
44.Rc2 Be4 45.Rc3 Bd5 46.Nc6 Nxc6+ 47.Bxc6 Bxc6 48.Rxc6 Bg7 49.f4 Kf8 50.d7 Ke7
51.Rd6 Rd8 52.Bxd8+ Kxd8 53.Kb5 Bf8 54.Rd3 Bc5 55.Kc6 Bg1 56.Rh3  1-0

[Event "ACT Open"]
[Site "Amsterdam NED"]
[Date "2005.07.21"]
[Round "6"]
[White "Ivanov,Jo"]
[Black "Wunnink,M"]
[Result "1-0"]
[WhiteElo "2347"]
[BlackElo "2223"]

1.d4 Nf6 2.c4 g6 3.Nc3 d5 4.cxd5 Nxd5 5.e4 Nxc3 6.bxc3 Bg7 7.Bc4 c5 8.Ne2 Nc6
9.Be3 O-O 10.Rc1 cxd4 11.cxd4 Qa5+ 12.Kf1 Qa3 13.Qb3 Qd6 14.e5 Qd8 15.Qa3 Qa5
16.Qb2 e6 17.h4 Ne7 18.Bg5 Nd5 19.Rh3 f6 20.exf6 Bxf6 21.Bxf6 Rxf6 22.h5 Bd7
23.Qxb7 Nb6 24.hxg6 hxg6 25.Bb3 Raf8 26.f3 Qb5 27.Qe4 Nd5 28.Rc5 Qa6 29.Bc4 Qa3
30.Kf2 Qb2 31.Rxd5 exd5 32.Bxd5+ Be6 33.Bxe6+ Kg7 34.Bb3  1-0

[Event "WYb16"]
[Site "Belfort FRA"]
[Date "2005.07.21"]
[Round "3"]
[White "Hayrapetian,O"]
[Black "Sanikidze,T"]
[Result "1-0"]
[WhiteElo "2290"]
[BlackElo "2417"]

1.d4 Nf6 2.c4 g6 3.Nc3 d5 4.cxd5 Nxd5 5.e4 Nxc3 6.bxc3 Bg7 7.Nf3 c5 8.Rb1 O-O
9.Be2 cxd4 10.cxd4 Qa5+ 11.Bd2 Qxa2 12.O-O Bg4 13.Rxb7 Bxf3 14.Bxf3 Bxd4
15.Bb4 Rd8 16.Qc1 e5 17.Be7 Re8 18.Bf6 Qa6 19.Qg5 Re6 20.Bh8 Kxh8 21.Rxf7 Kg8
22.Rc7 Qd6 23.Rc8+ Kg7 24.Rfc1 Bb6 25.Bd1 Qe7 26.Qg4 h5 27.Qh3 Rf6 28.Bb3 Rxf2
29.Kh1 Qf6 30.Qd3 Qg5 31.Rg1 Rd2 32.Qc4 Qf6 33.Rf1 Rf2 34.Rxf2 Bxf2 35.Qg8+ Kh6
36.Rf8 Qg7 37.Bd5 Qxg8 38.Rxg8 a5 39.Bxa8 Nd7 40.Bc6 Nb6 41.Be8 a4 42.Rxg6+ Kh7
43.Rxb6 Bxb6 44.Bxh5 Kh6 45.Bf7 a3 46.g3 Kg5 47.Kg2 Kf6 48.Bd5 Kg5 49.h4+ Kf6
50.Kh3 Bd4 51.g4 Kg6 52.g5 Bf2 53.Kg4 Be3 54.h5+ Kg7 55.Kf5 Bf4 56.h6+ Kh8
57.Kg6 Bd2 58.Kh5 a2 59.Bxa2 Be3 60.Be6 Bf4 61.Bd7  1-0

[Event "WYb16"]
[Site "Belfort FRA"]
[Date "2005.07.21"]
[Round "3"]
[White "L'Huillier,T"]
[Black "Edouard,R"]
[Result "0-1"]
[WhiteElo "2168"]
[BlackElo "2334"]

1.d4 Nf6 2.c4 g6 3.Nc3 d5 4.cxd5 Nxd5 5.e4 Nxc3 6.bxc3 Bg7 7.Nf3 c5 8.Be3 Qa5
9.Qd2 O-O 10.Rc1 Rd8 11.Be2 Bg4 12.d5 Nc6 13.O-O e6 14.Bg5 f6 15.Bf4 Kh8
16.Rb1 b6 17.Rfe1 Bxf3 18.Bxf3 e5 19.Be3 Qa4 20.Bh6 Na5 21.Bxg7+ Kxg7 22.Bd1 Qd7
23.Be2 Qd6 24.Bb5 a6 25.Bf1 Rdb8 26.c4 Qd8 27.Qb2 Ra7 28.Re3 b5 29.Rh3 b4
30.Qd2 Rd7 31.Qh6+ Kg8 32.Be2 Qf8 33.Qe3 Rg7 34.f4 Qd6 35.fxe5 fxe5 36.Rf3 Rf8
37.Rbf1 Rgf7 38.Rxf7 Rxf7 39.Rxf7 Kxf7 40.Qh3 h5 41.Qc8 Kf6 42.Qh8+ Ke7 43.Qh7+ Kd8
44.Qg8+ Kc7 45.Qf7+ Kb6 46.Qf3 Qe7 47.Kf2 Qh4+ 48.Ke3 Qg5+ 49.Kf2 Qe7 50.g3 Nb7
51.Qb3 Nd6 52.Bd3 Qe8 53.Qd1 a5 54.Qe2 a4 55.Qc2 Ka5 56.Qd2 a3 57.Qe2 Qf7+
58.Kg2 Qf6 59.Qd2 g5 60.Qe3 Kb6 61.Be2 g4 62.Kg1 Nf7 63.Kg2 Qg6 64.Bd3 Ng5
65.Bc2 Qf6 66.Bd1 Nf3 67.Qb3 Nd4 68.Qe3 Ka5 69.Qd2 Ka6 70.Qe3 Kb6 71.Qd2 Nf3
72.Qe3 Qg5 73.Qxg5 Nxg5 74.Bc2 Nf3 75.Bb3 Nd2 76.Bc2 b3  0-1

[Event "WYg18"]
[Site "Belfort FRA"]
[Date "2005.07.21"]
[Round "3"]
[White "Maupin,V"]
[Black "Schneider,Ve"]
[Result "0-1"]
[WhiteElo "1996"]
[BlackElo "2215"]

1.d4 Nf6 2.c4 g6 3.Nc3 d5 4.cxd5 Nxd5 5.e4 Nxc3 6.bxc3 Bg7 7.Bc4 c5 8.Ne2 O-O
9.Be3 Nc6 10.Rc1 Na5 11.Bd3 c4 12.Bb1 e5 13.O-O Qc7 14.f4 exd4 15.cxd4 b5
16.Qd2 Nc6 17.d5 Rd8 18.Nd4 Nxd4 19.Bxd4 Bxd4+ 20.Qxd4 Rb8 21.e5 Qb6 22.Qxb6 Rxb6
23.Rfd1 Ra6 24.Rd2 Ra3 25.d6 Be6 26.Rb2 a6 27.Kf2 c3 28.Rbc2 b4 29.Ke3 Bf5  0-1

[Event "MTO Open"]
[Site "Biel SUI"]
[Date "2005.07.21"]
[Round "4"]
[White "Berczes,D"]
[Black "Wilson,A"]
[Result "1/2-1/2"]
[WhiteElo "2495"]
[BlackElo "2056"]

1.d4 Nf6 2.c4 g6 3.Nc3 d5 4.cxd5 Nxd5 5.e4 Nxc3 6.bxc3 Bg7 7.Bc4 c5 8.Ne2 Nc6
9.Be3 O-O 10.O-O Bd7 11.Rb1 a6 12.dxc5 Na5 13.Bd3 Qc7 14.Nd4 Rfd8 15.Qe2 e5
16.Nb3 Rab8 17.Nxa5 Qxa5 18.Bc4 Bc6 19.Bg5 Rd7 20.Bxa6 Qxc5 21.Be3 Qa5 22.Bb5 Ra8
23.Bxc6 bxc6 24.Qc4 Bf8 25.Rb2 Qa4 26.Qxa4 Rxa4 27.h4 Rxe4 28.h5 f5 29.Rb8 Kf7
30.Rfb1 f4 31.R1b7 Rxb7 32.Rxb7+ Kf6 33.Bb6 gxh5 34.Ra7 Re1+ 35.Kh2 Bd6 36.c4 c5
37.Bc7  1/2-1/2

[Event "ACT Open"]
[Site "Amsterdam NED"]
[Date "2005.07.22"]
[Round "7"]
[White "Wells,P"]
[Black "Ernst,S"]
[Result "0-1"]
[WhiteElo "2529"]
[BlackElo "2457"]

1.d4 Nf6 2.c4 g6 3.Nc3 d5 4.cxd5 Nxd5 5.e4 Nxc3 6.bxc3 Bg7 7.Nf3 c5 8.Rb1 O-O
9.Be2 b6 10.O-O Bb7 11.Qd3 e6 12.Bg5 Qc7 13.Qe3 Rc8 14.h4 Nd7 15.e5 a6 16.h5 cxd4
17.cxd4 Qc2 18.Rbc1 Qxa2 19.Nh2 b5 20.Ng4 b4 21.Bf6 Qa3 22.Bd3 b3 23.Bxg7 Kxg7
24.Rc5 Kf8 25.Qh6+ Ke8 26.Qxh7 Rxc5 27.hxg6 fxg6 28.dxc5 Qxc5 29.Nf6+ Nxf6
30.exf6 Kd8 31.Qxb7 Ra7 32.Qb8+ Kd7 33.Rd1 e5 34.Bb5+ Ke6 35.Qe8+ Kf5 36.Bd3+ e4
37.Qxe4+ Kxf6 38.Qxg6+ Ke5 39.Qg5+ Kd4  0-1